Business Statistics in Practice. (Record no. 1150)

MARC details
005 - DATE AND TIME OF LATEST TRANSACTION
control field 20250404120254.0
020 ## - INTERNATIONAL STANDARD BOOK NUMBER
International Standard Book Number 978-0-07297747-9
082 ## - DEWEY DECIMAL CLASSIFICATION NUMBER
Classification number 519.502 BOW
100 ## - MAIN ENTRY--PERSONAL NAME
Author name BOWERMAN, L. B.
245 ## - TITLE STATEMENT
Title Business Statistics in Practice.
250 ## - EDITION STATEMENT
Edition statement 4th Ed.
260 ## - PUBLICATION, DISTRIBUTION, ETC.
Place of publication, distribution, etc. New York,
Name of publisher, distributor, etc. McGraw Hill,
Date of publication, distribution, etc. 2007.
300 ## - PHYSICAL DESCRIPTION
Extent xxi, 881p.: ill.; figure, picture, table
Other physical details Index & References
Dimensions 29cm
700 ## - ADDED ENTRY--PERSONAL NAME
Other authors/Editors O'CONNELL, T. R.
856 ## - ELECTRONIC LOCATION AND ACCESS
Link text Access Online Book
Electronic name Statistics
Path www.mhhe.com
942 ## - ADDED ENTRY ELEMENTS (KOHA)
Source of classification or shelving scheme Dewey Decimal Classification
Koha item type Books
Holdings
Date last seen Total checkouts Full call number Barcode Price effective from Koha item type Lost status Source of classification or shelving scheme Damaged status Not for loan Withdrawn status Home library Current library Shelving location Date acquired Cost, normal purchase price
04/04/2025   519.502 BOW 0000004578 04/04/2025 Books   Dewey Decimal Classification       College of Business Education Main Library College of Business Education Main Library General Collection 04/04/2025 35000.00
04/04/2025   519.502 BOW 0000004579 04/04/2025 Books   Dewey Decimal Classification       College of Business Education Main Library College of Business Education Main Library General Collection 04/04/2025 35000.00
04/04/2025   519.502 BOW 0000004580 04/04/2025 Books   Dewey Decimal Classification       College of Business Education Main Library College of Business Education Main Library General Collection 04/04/2025 35000.00